000 01112cam a22002771i 4500
003 SA-RiAUC
005 20241231142144.0
008 241226s2010 ti g 000 0bara c
020 _a9973375793
040 _aSA-JeALM
_bara
_cSA-RiAUC
_erda
082 0 4 _a922.58
_qSA-RiAUC
090 _a922.58
_b م ن ا
100 1 _aالمناعي، حسن
_4070
_eمؤلف.
245 1 2 _aالشيخ محمد الفاضل بن عاشور :
_bمسيرته العلمية والإصلاحية /
_cحسن المناعي.
264 1 _aتونس :
_bمركز النشر الجامعي،
_c2010
300 _a587 صفحة ؛
_c25 سم
336 _aنص
_btxt
_2rdacontent
_3كتاب
337 _aبدون وسيط
_bn
_2rdamedia
338 _aمجلد
_bnc
_2rdacarrier
500 _aغلاف مصور وملون.
500 _aاهداء من محمد الحبيب الهيلة بتاريخ 9 / 6 / 1431 هـ
600 1 7 _aبن عاشور، محمد الفاضل،
_d1909-1970
_2aucnm
650 7 _aالفقهاء التونسيون
_vتراجم
_2aucsh
942 _2ddc
_cBOOK
_n0
949 _aSA-JeALM
_d241226
_uosman123
_n1
999 _c4179
_d4179